000 00406nam a22001697a 4500
003 MPLRDC
005 20220104123537.0
008 210129b ||||| |||| 00| 0 eng d
082 _a420 CCM
100 _a蔡聪明主编
245 _a家事小智慧
_c
260 _a
_b文国书局
_c1986
300 _b
490 _a全家福丛书. 8
650 _a家事;家政总论
942 _cBK
_o420 CCM
999 _c12253
_d12243